|
|
|
|
| LEADER |
00000nam a2200000 a 4500 |
| 001 |
vtls009515512 |
| 003 |
SK-MaSNL |
| 005 |
20260301171303.0 |
| 008 |
240315s2009 xo a g 000 0 slo |
| 015 |
|
|
|a SNBA2009/09-05075
|
| 020 |
|
|
|a 9788080856922
|q (viaz.)
|
| 040 |
|
|
|a SNK
|b slo
|c SNK
|e AACR2
|
| 041 |
1 |
|
|a slo
|h eng
|
| 044 |
|
|
|a xo
|c SK
|
| 072 |
|
7 |
|a 17
|x Etika. Morálna filozofia
|2 konspekt
|
| 080 |
|
|
|a 177.6
|2 2001
|
| 080 |
|
|
|a 173.1
|2 2001
|
| 080 |
|
|
|a 17.2
|2 2001
|
| 080 |
|
|
|a (0:82-84)
|2 2001
|
| 100 |
1 |
|
|a Exley, Helen
|4 aut
|9 317615
|
| 240 |
1 |
0 |
|a To my very special husband
|l Slovensky
|
| 245 |
1 |
0 |
|a Milovanému manželovi
|c ilustrácie Juliette Clarke ; zostavila Helen Exley ; [z anglického originálu preložila Viera Prokešová]
|
| 250 |
|
|
|a 2. slov. vyd.
|
| 260 |
|
|
|a Bratislava
|b Slovart
|c 2009
|
| 300 |
|
|
|a [25] s.
|b fareb. ilustr.
|c 16 cm
|
| 650 |
0 |
7 |
|a partnerské vzťahy
|2 SNKPH
|9 2250
|
| 650 |
0 |
7 |
|a manželstvo
|2 SNKPH
|9 659
|
| 650 |
0 |
7 |
|a životná múdrosť
|2 SNKPH
|9 4008
|
| 650 |
0 |
7 |
|a Partner relationships
|2 SNKPHeng
|9 284534
|
| 650 |
0 |
7 |
|a Marriage
|2 SNKPHeng
|9 282483
|
| 650 |
0 |
7 |
|a Life wisdom
|2 SNKPHeng
|9 305004
|
| 655 |
|
7 |
|a citáty
|2 SNKPH
|9 70419
|
| 655 |
|
7 |
|a Quotations
|2 SNKPHeng
|9 302733
|
| 700 |
1 |
|
|a Clarke, Juliette
|4 ill
|9 326844
|
| 700 |
1 |
|
|a Prokešová, Viera,
|d 1957-2008
|4 trl
|9 98786
|
| 919 |
|
|
|a 978-80-8085-692-2
|
| 958 |
|
|
|a LX
|
| 958 |
|
|
|a UP
|
| 968 |
|
|
|b ENG
|d 821
|
| 999 |
|
|
|c 830368
|d 832298
|
| 952 |
|
|
|a SNK
|b SNK
|y PREZ
|7 0
|p 17A0622134
|o snkSD 78235
|i snk2009/9131
|8 0
|0 0
|1 0
|4 0
|d 2009-05-21
|l 0
|r 2025-11-26 00:00:00
|w 2026-02-24
|
| 952 |
|
|
|a SNK
|b SNK
|y VYP
|7 0
|p 17A0622133
|o snkSD 78235 D1
|i snk2009/9132
|8 0
|0 0
|1 0
|4 0
|d 2009-05-21
|l 0
|r 2017-06-30 00:00:00
|w 2026-02-24
|